Dermatologia (Record no. 45207)

MARC details
000 -Etiqueta do registo
Valores 00712nam a2200217 04500
010 ## - Número ISBN
ISBN 9789723113167
021 ## - Número do Depósito Legal
Número 304380/10
100 ## - Dados gerais de processamento
Dados gerais 20111014d2010 k y0pory5003 ba
101 0# - Língua de publicação
Língua por
102 ## - País de publicação
País PT
200 1# - Titulo e menção de responsabilidade
Título próprio Dermatologia
Informação de outro título ficheiro clínico e terapêutico
Primeira menção de responsabilidade F. Guerra Rodrigo... [et al.]
210 #9 - Publicação
Local de publicação Lisboa
Nome do editor Fundacão Calouste Gulbenkian,
Data de publicação 2010
215 ## - Descrição física 
Paginação / Volumes XXIII, 1462, [1] p.
Outras indicações físicas il.
Dimensões 25 cm
Material acompanhante 1 CD-ROM
225 2# - Colecção 
Título próprio da colecção Manuais universitários
675 ## - CDU
Notação 616.5(075.8)
Edição BN
Língua por
701 #1 - Autor co-responsavel
Apelido Rodrigo,
Nome F. Guerra,
Datas 1937-
Função 070
801 #0 - Fonte de origem
País PT
Agência BN
Regras de catalogação RPC
856 41 - Localização e acesso electrónico 
URL <a href="http://rnod.bnportugal.gov.pt/ImagesBN/winlibimg.aspx?skey=&doc=1791766&img=2327&save=true">http://rnod.bnportugal.gov.pt/ImagesBN/winlibimg.aspx?skey=&doc=1791766&img=2327&save=true</a>
990 ## - Elementos KOHA
Tipo de documento Livro
Holdings
Aquisição Empréstimo Código de barras Cota Permissão de empréstimo Tipo de documento Nota relativa ao exemplar
Biblioteca Municipal de Redondo Biblioteca Municipal de Redondo 055906 615.5 DER   Livro contêm 1 CD-ROM

Powered by Koha